| 000 | 01036nam a22002537a 4500 | ||
|---|---|---|---|
| 005 | 20170124103043.0 | ||
| 010 | _aB-037392 | ||
| 020 | _c225.00 | ||
| 035 | _aB-037392 | ||
| 037 | _bCen Lib/Ret | ||
| 040 |
_aDPL _bHN |
||
| 082 |
_aउ _bज़ौकीमु |
||
| 100 |
_aज़ौकी, मुशर्रफ़ आलम _944051 |
||
| 245 |
_aबयान / _cमुशर्रफ़ आलम ज़ौकी |
||
| 246 |
_aBayaan / _bby Musharraf Alam Zauqui |
||
| 260 |
_aदिल्ली _bसाशा पब्लिकेशन्स _c1998 |
||
| 270 |
_aआर 102 ताज एन्क्लेव लिंक रोड, गीता कालोनी _bदिल्ली _e110031 |
||
| 300 |
_a209पृ. _c21सेमी(सजिल्द) |
||
| 650 |
_aहिन्दी साहित्य _967800 |
||
| 650 |
_aहिन्दी -- उपन्यास _967801 |
||
| 650 |
_aHindi literature _967802 |
||
| 650 |
_aHindi -- Fiction _927248 |
||
| 942 |
_2ddc _cHN _hउ _mज़ौकीमु |
||
| 999 |
_c116694 _d116694 |
||